000 00625nam a2200241Ia 4500
003 OSt
005 20221005065812.0
006 a|||||r|||| 00| 0
007 ta
008 221004b |||||||| |||| 00| 0 eng d
024 _a23094
037 _cTextual
040 _aCRL
_cCRL
_beng
041 _2eng
_aeng
082 _aV58.N9, M7
100 _aSofinsky N N Ed.
_9605001
245 0 _aLand of Soviets
260 _aMoscow
_bProgress Publishers Russia
_c1984
300 _a279p.
_ccm.
650 _aRUSSIA - HISTORY
942 _hV58.N9, M7
_cTEXL
_2cc
999 _c975213
_d975213